000 00643cam a22002291 4500
001 f 01002406
003 DLC
005 20260227111243.0
008 831027s1900 fr 000 0 fre
010 _af 01002406
035 _a(OCoLC)10062937
040 _aDLC
_cTNJ
_dTNJ
_dDLC
042 _apremarc
050 0 0 _aDC723
_b.B38
100 1 _aBeaurepaire, Edmond.
245 0 0 _aLa chronique des rues,
_cpar Edmond Beaurepaire ..
260 _aParis,
_bP. Sevin & E. Rey,
_c1900.
300 _a v.
_c18 cm.
490 0 _aParis d'hier et d'aujourd'hui
651 0 _aParis (France)
651 0 _aParis (France)
_xSocial life and customs.
999 _c22804
_d22804